000 00807cab a22002295a 4500
001 L159837
008 150113e2017 xxk 000 0 eng d
035 _a(Sirsi) u159837
041 0 _aeng
100 1 _aWebster, Bradley
245 0 0 _aRoutes of entry
_h[electronic resource]
260 _aLondon
_bRICS
_c2017
490 _aRICS Building Surveying Journal
_vOctober - November 2017, 12(1)
520 _aOutlines the key routes for entering the profession, and looks at how one colleague became a chartered surveyor.
650 2 4 _aCAREER
650 2 4 _aABOUT RICS-RICS MEMBERS
650 2 4 _aABOUT RICS
651 4 _aUnited Kingdom
_y
856 4 0 _uhttps://issuu.com/ricsmodus/docs/building_surveying_journal_october__45ef6cafff2b21
_z
_yAvailable free online via Issuu
856 4 0 _u
_z
942 _n0
999 _c85003
_d85003